Colonisation of Africa – Tile Select Quiz - Statistics

General Stats
  • This quiz has been taken 118 times
  • The average score is 157 of 200
Answer Stats
Question Tile Select % Correct
colonised by France Ethiopia No
99%
colonised by France Algeria Yes
98%
colonised by France Kenya No
98%
colonised by France Angola No
97%
colonised by France Namibia No
97%
colonised by France Eritrea No
96%
colonised by France Liberia No
95%
colonised by France Botswana No
94%
colonised by France Malawi No
94%
colonised by France Mozambique No
94%
colonised by France São Tomé and Príncipe No
94%
colonised by France Somalia (excl. Somaliland) No
94%
colonised by the United Kingdom Algeria No
90%
colonised by the United Kingdom Equatorial Guinea No
89%
colonised by the United Kingdom Western Sahara No
89%
colonised by France Burundi No
88%
colonised by Italy Liberia No
88%
colonised by the United Kingdom Libya No
88%
colonised by Italy Malawi No
88%
colonised by Italy Mauritania No
88%
colonised by the United Kingdom Mauritania No
88%
colonised by Italy Namibia No
88%
colonised by Italy São Tomé and Príncipe No
88%
colonised by Italy Algeria No
87%
colonised by Italy Cameroon No
87%
colonised by the United Kingdom Chad No
87%
colonised by France Equatorial Guinea No
87%
colonised by Italy Equatorial Guinea No
87%
colonised by Italy Ghana No
87%
colonised by Italy Guinea No
87%
colonised by Italy Guinea-Bissau No
87%
colonised by the United Kingdom Guinea-Bissau No
87%
colonised by Italy Mozambique No
87%
colonised by Italy Togo No
87%
colonised by Italy Angola No
86%
colonised by Italy Botswana No
86%
colonised by Italy Burundi No
86%
colonised by Italy Comoros No
86%
colonised by the United Kingdom Democratic Republic of the Congo No
86%
colonised by the United Kingdom Eritrea No
86%
colonised by the United Kingdom Ethiopia No
86%
colonised by Italy Kenya No
86%
colonised by the United Kingdom Liberia No
86%
colonised by the United Kingdom São Tomé and Príncipe No
86%
colonised by Italy Western Sahara No
86%
colonised by Italy Chad No
85%
colonised by France Democratic Republic of the Congo No
85%
colonised by France Ghana No
85%
colonised by the United Kingdom Mozambique No
85%
colonised by Italy Democratic Republic of the Congo No
84%
colonised by the United Kingdom Togo No
84%
colonised by the United Kingdom Angola No
83%
colonised by Portugal Ethiopia No
83%
colonised by France Libya No
83%
colonised by Portugal Libya No
83%
colonised by Portugal Mauritania No
83%
colonised by Portugal Somalia (excl. Somaliland) No
83%
colonised by Portugal Togo No
83%
colonised by Portugal Western Sahara No
83%
colonised by Portugal Algeria No
82%
colonised by Portugal Botswana No
82%
colonised by Portugal Burundi No
82%
colonised by Portugal Cameroon No
82%
colonised by France Chad Yes
82%
colonised by Portugal Chad No
82%
colonised by the United Kingdom Comoros No
82%
colonised by Portugal Democratic Republic of the Congo No
82%
colonised by Portugal Eritrea No
82%
colonised by Portugal Ghana No
82%
colonised by Portugal Guinea No
82%
colonised by Portugal Kenya No
82%
colonised by Portugal Liberia No
82%
colonised by Portugal Malawi No
82%
colonised by Belgium Algeria No
81%
colonised by Belgium Botswana No
81%
colonised by Belgium Cameroon No
81%
colonised by Belgium Comoros No
81%
colonised by Belgium Eritrea No
81%
colonised by Belgium Ethiopia No
81%
colonised by Belgium Ghana No
81%
colonised by Germany Guinea No
81%
colonised by Belgium Guinea No
81%
colonised by Belgium Kenya No
81%
colonised by Germany Liberia No
81%
colonised by Belgium Liberia No
81%
colonised by Belgium Libya No
81%
colonised by Belgium Mauritania No
81%
colonised by Belgium Mozambique No
81%
colonised by Belgium Namibia No
81%
colonised by Belgium São Tomé and Príncipe No
81%
colonised by Belgium Somalia (excl. Somaliland) No
81%
colonised by Belgium Togo No
81%
colonised by Belgium Western Sahara No
81%
colonised by Spain Angola No
80%
colonised by Belgium Angola No
80%
colonised by Belgium Chad No
80%
colonised by Germany Comoros No
80%
colonised by Germany Democratic Republic of the Congo No
80%
colonised by Germany Equatorial Guinea No
80%
colonised by Belgium Equatorial Guinea No
80%
colonised by Germany Eritrea No
80%
colonised by Germany Ethiopia No
80%
colonised by the United Kingdom Guinea No
80%
colonised by France Guinea-Bissau No
80%
colonised by Germany Guinea-Bissau No
80%
colonised by Belgium Guinea-Bissau No
80%
colonised by Belgium Malawi No
80%
colonised by Spain Namibia No
80%
colonised by Germany São Tomé and Príncipe No
80%
colonised by Spain Somalia (excl. Somaliland) No
80%
colonised by Germany Western Sahara No
80%
colonised by Germany Algeria No
79%
colonised by Spain Botswana No
79%
colonised by Spain Cameroon No
79%
colonised by Spain Chad No
79%
colonised by Spain Comoros No
79%
colonised by Spain Democratic Republic of the Congo No
79%
colonised by Spain Eritrea No
79%
colonised by Spain Ethiopia No
79%
colonised by Spain Ghana No
79%
colonised by Spain Kenya No
79%
colonised by Spain Libya No
79%
colonised by Germany Malawi No
79%
colonised by Spain Malawi No
79%
colonised by Germany Mauritania No
79%
colonised by Portugal Namibia No
79%
colonised by Germany Somalia (excl. Somaliland) No
79%
colonised by Spain Togo No
79%
colonised by Spain Algeria No
78%
which were independent Algeria No
78%
which were independent Angola No
78%
colonised by the United Kingdom Botswana Yes
78%
colonised by Germany Botswana No
78%
which were independent Botswana No
78%
which were independent Cameroon No
78%
colonised by Germany Chad No
78%
which were independent Comoros No
78%
which were independent Equatorial Guinea No
78%
which were independent Ghana No
78%
colonised by Spain Guinea No
78%
which were independent Guinea No
78%
which were independent Guinea-Bissau No
78%
colonised by Germany Kenya No
78%
which were independent Kenya No
78%
colonised by Spain Liberia No
78%
colonised by Germany Libya No
78%
which were independent Libya No
78%
which were independent Malawi No
78%
colonised by Spain Mauritania No
78%
colonised by Spain Mozambique No
78%
which were independent Mozambique No
78%
which were independent Namibia No
78%
which were independent São Tomé and Príncipe No
78%
which were independent Somalia (excl. Somaliland) No
78%
which were independent Togo No
78%
colonised by France Western Sahara No
78%
colonised by Spain Burundi No
77%
which were independent Burundi No
77%
which were independent Chad No
77%
colonised by Portugal Comoros No
77%
which were independent Democratic Republic of the Congo No
77%
colonised by Portugal Equatorial Guinea No
77%
which were independent Eritrea No
77%
colonised by Germany Ghana No
77%
which were independent Mauritania No
77%
colonised by Germany Mozambique No
77%
which were independent Western Sahara No
77%
colonised by the United Kingdom Kenya Yes
76%
colonised by the United Kingdom Somalia (excl. Somaliland) No
76%
colonised by Germany Angola No
74%
colonised by Spain Guinea-Bissau No
74%
colonised by France Mauritania Yes
74%
colonised by the United Kingdom Ghana Yes
73%
colonised by Spain São Tomé and Príncipe No
73%
colonised by the United Kingdom Burundi No
72%
colonised by Belgium Democratic Republic of the Congo Yes
72%
colonised by France Guinea Yes
72%
colonised by Portugal Angola Yes
70%
colonised by Italy Eritrea Yes
69%
colonised by the United Kingdom Cameroon No
68%
colonised by Italy Libya Yes
65%
colonised by the United Kingdom Malawi Yes
64%
colonised by Portugal Mozambique Yes
63%
colonised by France Comoros Yes
62%
colonised by Spain Equatorial Guinea Yes
61%
which were independent Ethiopia Yes
61%
which were independent Liberia Yes
60%
colonised by Portugal São Tomé and Príncipe Yes
58%
colonised by Italy Somalia (excl. Somaliland) Yes
58%
colonised by Spain Western Sahara Yes
56%
colonised by the United Kingdom Namibia No
55%
colonised by Germany Namibia Yes
51%
colonised by France Togo No
48%
colonised by Portugal Guinea-Bissau Yes
46%
colonised by Belgium Burundi No
44%
colonised by Germany Cameroon Yes
42%
colonised by Italy Ethiopia No
42%
colonised by Germany Togo Yes
37%
colonised by France Cameroon No
29%
colonised by Germany Burundi Yes
28%
No matching quizzes found
Score Distribution
Percent of People with Each Score
Percentile by Number Answered
Your Score History
You have not taken this quiz